000 00700nam a2200253Ia 4500
005 20250425161846.0
008 250425s9999 xx 000 0 und d
041 _aspa
043 _aec
082 _a658.022
100 _aSERVICIO ECUATORIANO, DE CAPACITACION PROFESIONAL
245 0 _aSEMINARIO: POLITICAS PARA LA MODERNIZACION TECNOLOGICA DE LAS PEQUEÑAS Y MEDIANAS EMPRESAS: MEMORIAS
250 _a1A ED.
260 _aEcuador
_bEDITORIAL UNIVERSITARIA
_c1994
260 _aS.L.
300 _a212
650 _aEMPRESAS PEQUEÑAS
650 _aEMPRESAS PRODUCTIVAS
650 _aMODERNIZACION
650 _aPRODUCTIVIDAD
710 _aSECAP
942 _c01
010 _a32652
999 _c217571
_d217571